Otvorene o príčinách nedostatkov

Bibliographic Details
Main Author: Vanáček, Jan (Author)
Format: Article
Language:Slovak
Subjects:

MARC

LEADER 00000nab a2200000 a 4500
001 vtls000065785
003 SK-MaSNL
005 20260303210159.0
008 160202c1980 xo 0 slo
015 |a SNBRB19rr/mm-uuuuu 
035 |a CL0075885 
040 |a SNKBUCL  |b slo  |c SNKBUCL  |e AACR2 
041 0 |a slo 
044 |a xo  |c SK 
080 |a 329.15(437)  |2 1981 
100 1 |a Vanáček, Jan  |4 aut  |9 1198622 
245 1 0 |a Otvorene o príčinách nedostatkov  |c Jan Vanáček 
610 7 |a Komunistická strana Československa  |2 snkbucl  |9 32256 
651 7 |a 3700  |2 snkbucl  |9 921026 
651 7 |a Jihomoravský kraj (Česko)  |2 snkbucl  |9 200564 
655 7 |a články z novín a časopisov  |2 snkbucl  |9 267496 
773 0 |t Život strany  |g Č. 19 (1980), s. 17-19 
850 |a Slovenská národná knižnica v Martine  |a MTA001 
852 |a SNK  |b KIS3GCP 
958 |a RK 
958 |a CZ 
992 |a RBX 
999 |c 2199136  |d 2201066